000
00205nam a2200085Ia 4500
008
180219s9999 xx 000 0 und d
100
_a
Mohan G Aruna M
245
0
_a
Educational Psychology
260
_a
"New Delhi
260
_c
Neelkamal"
999
_c
41394
_d
41394